000 00525nam a22002177a 4500
003 UA-OsUOA
001 77573
007 ta
008 20110919b un ||||| |||| 00| 0 ukr d
100 _aГлушман І.
090 _a908
_bГ55
942 _cSA
040 _aUA-OsUOA
_bukr
_cUA-OsUOA
_dUA-OsUOA
245 _aЗ київським "Динамо" - на "ти"
300 _aС.7
955 _a0
041 _aukr
080 _a908
773 0 _w77572
650 7 _a908 Краєзнавство
_2UDC
999 _c363878
_d363878